Cartas de amor perdidas por Mariquita Sánchez de Thompson : y otras obras teatrales /

Guardado en:
Autor Principal: Tursi, Adriana.
Formato: Libro
Idioma:Undetermined
Publicado: Buenos Aires : Proyecto Larsen, 2021.
Edición:1a ed.
Series:Teatro Contemporáneo ; 2
Materias:
Etiquetas: Agregar Etiqueta
Sin Etiquetas, Sea el primero en etiquetar este registro!
LEADER 01152nam a22002655a 4500
001 CEM.cems018987
008 211025s2021####ag############000#0#und#d
005 20221004162512.0
245 1 0 |a Cartas de amor perdidas por Mariquita Sánchez de Thompson :  |b y otras obras teatrales /  |c Adriana Tursi. 
250 |a 1a ed. 
260 |a Buenos Aires :  |b Proyecto Larsen,  |c 2021. 
300 |a 128 p. 
490 1 |a Teatro Contemporáneo ;  |v 2 
500 |a Edición para Ministerio de Educación de la Nación Argentina. 
505 0 |a Cartas de amor perdidas por Mariquita Sánchez de Thompson -- Felicitas o las niñas mudas -- Aurelia … la amante ausente -- Extraña fuga de la anciana y su criada -- Mariquita, Aurelia y Felicitas 
020 |a 9789871458622 
100 1 |a Tursi, Adriana. 
653 |a Literatura 
653 |a Literatura Argentina 
653 |a Teatro 
653 |a Teatro Argentino 
653 |a Colección Leer Abre Mundos 
859 |a CEMS  |b BIB. CEMS - Agricultura  |h A862.4  |i T869  |p A3357.21  |t Ej.1 
859 |a CEMS  |b BIB. CEMS - 11 de abril  |h A862.4  |i T869  |p 29253.21  |t Ej. 1 
859 |a CEMS  |b BIB. CEMS - 11 de abril  |h A862.4  |i T869  |p 29168.21  |t Ej. 2